Anagramme en lien avec le corps #2 - Statistiques

Statistiques générales
  • Ce quiz a été pris 109 fois
  • Le résultat moyen est 17 sur 40
Statistiques - réponses
Anagrammes Réponse Indice % Correct
FUMER Fémur Jambe
93%
HUMEURS Humerus Bras
86%
OBEL Lobe Écouter
86%
GNAPHALES Phalanges Main
74%
REUNI Urine Liquide
72%
PARCE Carpe Main
68%
COURLIS Sourcil Visage
68%
ANNULERAI Annulaire Main
66%
CHOQUERAIT Thoracique Cage
66%
RARETÉ Artère Vaisseau
64%
LOUTRE Rotule Jambe
64%
PAUPERISE Paupières Visage
63%
AIRE Raie Prolonge la colonne
62%
DURAIS Radius Bras
59%
IXAS Axis Cou
57%
ASTRE Tarse Pied
49%
RETATAMES Métatarse Pied
47%
RETAPEZ Trapèze Mains
45%
MUNSTER Sternum Os costal
43%
SALAT Atlas Cou
40%
CHAIRS Rachis Colonne
40%
RETIRE Étrier Écouter
36%
TUEURS Utérus Organe
36%
ALUN Ulna Cubitus
33%
CAPSULA Scapula Omoplates
32%
BLOUSE Boules Intimes
28%
ACHETER Trachée Cou
28%
FROLANT Frontal Tête
26%
CRAPOTEUX Pectoraux Torse
26%
AMATEUR Marteau Écouter
25%
SCRIPTE Triceps Bras
24%
MARIOLE Molaire Bouche
17%
GLACERAIT Cartilage Touche les articulations
14%
ADOPTERIEZ Trapézoïde Mains
14%
TRUQUAS Quartus Orteil
13%
PLAINES Spinale Épinière
13%
TRUITES Tertius Orteil
6%
CORICIDE Cricoïde Cartilage
5%
APLANIT Palatin Tête
5%
SCRUTAT Tractus Intestin
3%
Aucun quiz correspondant
Distribution des résultats
% des personnes avec chaque résultat
Percentile par nombre de réponses
Votre historique - résultats
Vous n’avez pas pris ce quiz